000 00547nam a22001937a 4500
003 KOHA_MİRAKIL
005 20250417170134.0
008 250417b tu ||||| |||| 00| 0 tur d
020 _a9786053145271
040 _aTR-AnABB
_btur
_cTR-AnABB
041 _atur
082 _a818.4209
_b OZG 2021
100 1 _aÖzgentürk, Ali,
245 1 0 _aSessizliklerin dokunuşu /
_cAli Özgentürk
260 _aİstanbul :
_bAyrıntı Yayınları,
_c2021
300 _a223 sayfa ;
_c20 cm
650 0 4 _aTürk edebiyatı, roman
942 _2ddc
_cBK
999 _c8772
_d8772
900 _bGizem YORULMAZ